000 00595 a2200181 4500
999 _c6807
_d6807
020 _a9780199677450
050 _aHD62.4 FRY 2011
100 _aFrynas, George. J.
_eAuthor
245 _aGlobal strategic management /
_cJ. George Frynas and Kamel Mellahi
250 _a2nd. ed.
264 _aNew York:
_bOxford university Press,
_c2011.
300 _a422p. :
500 _aIncludes bibliographical references and index
650 _aInternational business enterprises
_xManagement
650 _aStrategic planning
700 _aMellahi, Kamel
_eAuthor
942 _2lcc
_cBK
_e2nd.
_h62.4
_iFRY
_k2011